MARC

LEADER 00000nam0a2200000 4500
001 354676
005 20231102010721.0
035 |a (RuTPU)RU\TPU\retro\11935 
090 |a 354676 
100 |a 20200625d1973 km y0rusy50 ca 
101 0 |a rus 
102 |a RU 
105 |a a z 001zy 
200 1 |a Напряженное состояние земной коры (по измерениям в массивах горных пород)  |e [сборник]  |f Академия наук СССР ; Московское общество испытателей природы 
210 |a Москва  |c Наука  |d 1973 
215 |a 186 с.  |c ил. 
320 |a Библиография в конце статей 
606 1 |a Земная кора  |x Напряжения  |2 stltpush  |3 (RuTPU)RU\TPU\subj\11783  |9 38681 
610 1 |a напряженное состояние 
610 1 |a оценка 
610 1 |a шахты 
610 1 |a рудники 
610 1 |a натурные измерения 
610 1 |a тектонические напряжения 
610 1 |a непосредственные измерения 
610 1 |a горные выработки 
610 1 |a тектонофизический анализ 
610 1 |a Хибинский массив 
610 1 |a граниты 
610 1 |a Кривой Рог 
610 1 |a известняки 
610 1 |a Южный Казахстан 
610 1 |a антиклинальные структуры 
610 1 |a Джезказган 
610 1 |a рудные месторождения 
610 1 |a Урал 
675 |a 551.14  |v 4 
712 0 2 |a Академия наук СССР  |c (Ленинград/Москва)  |c (1925-1991)  |2 stltpush  |3 (RuTPU)RU\TPU\col\722  |9 23473 
712 0 2 |a Московское общество испытателей природы  |c (1917- )  |2 stltpush  |3 (RuTPU)RU\TPU\col\7762  |9 24379 
801 1 |a RU  |b 63413507  |c 20200625 
801 2 |a RU  |b 63413507  |c 20210125  |g RCR 
942 |c BK